Fake news y factores de descontento con la democracia : (Record no. 215473)

MARC details
000 -CABECERA
campo de control de longitud fija 01907nab a2200289 ab4500
005 - FECHA Y HORA DE LA ÚLTIMA TRANSACCIÓN
campo de control 20260630064057.0
008 - ELEMENTOS DE LONGITUD FIJA--INFORMACIÓN GENERAL
campo de control de longitud fija 260604b2025 sp fr poo| 0 0 spa d
003 - IDENTIFICADOR DEL NÚMERO DE CONTROL
campo de control
040 ## - FUENTE DE LA CATALOGACIÓN
Centro catalogador/agencia de origen MX-MxUPN
Lengua de catalogación spa
Centro/agencia transcriptor MX-MxUPN
Normas de descripción aacr2
100 1# - ASIENTO PRINCIPAL--NOMBRE PERSONAL
Nombre de persona Álvarez Sousa, Antonio
9 (RLIN) 60152
100 1# - ASIENTO PRINCIPAL--NOMBRE PERSONAL
Nombre de persona Andrade Suárez, María
9 (RLIN) 60153
100 1# - ASIENTO PRINCIPAL--NOMBRE PERSONAL
Nombre de persona Caamaño Franco, Iria
9 (RLIN) 60154
245 14 - MENCIÓN DE TÍTULO
Título Fake news y factores de descontento con la democracia :
Resto del título opinión de los ciudadanos europeos
Medio [recurso electrónico en línea]
506 0# - NOTA DE RESTRICCIONES AL ACCESO
Limitaciones de acceso Acceso abierto
520 3# - NOTA DE RESUMEN, ETC.
Sumario, etc. En el siglo xxi, las fake news (FN) y la falta de libertad de los medios de comunicación por presiones políticas y económicas erosionan la satisfacción de la ciudadanía con la democracia (SWD). El descontento con la democracia (DWD) no solo está condicionado por las FN y por la falta de libertad de los medios, sino también por factores sociales, económicos y políticos. Se emplearon datos del eurobarómetro y se aplicó la técnica de ecuaciones estructurales generalizadas (GSEM). Los resultados señalan la existencia de diferencias de SWD entre los ciudadanos que pueden explicarse por los factores clásicos (económicos, sociales y políticos) pero también por un nuevo factor que son las FN, las cuales influyen significativamente en el DWD de forma directa y a través de otras variables como la polarización política.
Fuente proveedora REIS
653 #2 - TERMINO DE INDIZACION - NO CONTROLADO
Término no controlado Fake news
650 #2 - ASIENTO SECUNDARIO DE MATERIA - TERMINO TEMATICO
Término de materia o nombre geográfico como elemento de entrada Libertad de información
9 (RLIN) 19949
653 #4 - TERMINO DE INDIZACION - NO CONTROLADO
Término no controlado Descontento con la democraca
653 #4 - TERMINO DE INDIZACION - NO CONTROLADO
Término no controlado Crisis
653 ## - TERMINO DE INDIZACION - NO CONTROLADO
Término no controlado Discusión política
653 ## - TERMINO DE INDIZACION - NO CONTROLADO
Término no controlado Modelo estado bienestar
773 ## - ENLACE AL DOCUMENTO FUENTE/ENTRADA DE REGISTRO ANFITRIÓN
Parte(s) relacionada(s) No. 192 (2025), p. 47-66
Título REIS: revista española de investigaciones sociológicas
Número Internacional Normalizado para Publicaciones Seriadas 1988-5903
856 4# - LOCALIZACIÓN Y ACCESO ELECTRÓNICOS
Identificador Uniforme del Recurso <a href="https://reis.cis.es/index.php/reis/article/view/2438">https://reis.cis.es/index.php/reis/article/view/2438</a>
856 4# - LOCALIZACIÓN Y ACCESO ELECTRÓNICOS
Identificador Uniforme del Recurso <a href="https://reis.cis.es/index.php/reis/article/view/2438/2964">https://reis.cis.es/index.php/reis/article/view/2438/2964</a>
902 ## - ELEMENTOS DE DATOS B LOCAL, LDB (RLIN)
Creó Leonor Sotres/290626
942 ## - ELEMENTOS DE PUNTO DE ACCESO ADICIONAL (KOHA)
Tipo de ítem Koha Artículo Electrónico
Holdings
Estado de retiro Estado de pérdida Estado dañado No para préstamo Código de colección Localización permanente Ubicación/localización actual Ubicación en estantería Fecha de adquisición Total de préstamos Fecha visto por última vez Identificador Uniforme del Recurso Precio válido a partir de Tipo de ítem Koha
        Acceso abierto Bib. Gregorio Torres Quintero Bib. Gregorio Torres Quintero En línea 29/06/2026   29/06/2026 https://reis.cis.es/index.php/reis/article/view/2438/2964 29/06/2026 Artículo Electrónico